| 000 | 00921njm a22002537a 4500 | ||
|---|---|---|---|
| 005 | 20100921112737.0 | ||
| 006 | a|||||r|||||00| 0 | ||
| 007 | sd ammalaaahaa | ||
| 008 | 100901t xxu||||| |||| 00| 0 eng d | ||
| 028 |
_aCBS 10083 _bCBS |
||
| 035 | _aGR-06637 | ||
| 040 |
_aSED _cSED |
||
| 100 |
_aP. Faith _917891 |
||
| 245 |
_aMusic of christmas : _cby P. Faith _h[Sound recording] _bPercy Faith and his orchestra / |
||
| 260 |
_aDum Dum, India _bCBS _cn.d. |
||
| 300 |
_a1 Sound disc [Gramophone Recording] : _banalog, 33 1/3 rpm _c12 in. (LP) _fGramophone Record |
||
| 500 | _aBrief record | ||
| 500 | _aRecord Labels : CBS, Orange | ||
| 505 | _aSide-1 (Joy to the world) (P. Faith) --Side-2 (The first noel) (P. Faith) | ||
| 600 |
_aP. Faith _919718 |
||
| 650 |
_aWestern songs _xExcerpts _zIndia _917892 |
||
| 942 |
_2ddc _cGR |
||
| 999 |
_c47162 _d47162 |
||